000 01171nam a2200313 a 4500
001 ebr10676613
003 CaPaEBR
006 m u
007 cr cn|||||||||
008 130404s2006 nyuad sb 001 0 eng d
020 _z9781594546143
020 _z9781614704928 (e-book)
040 _aCaPaEBR
_cCaPaEBR
035 _a(OCoLC)646528914
050 1 4 _aTJ810
_b.T59 2006eb
082 0 4 _a621.47
_223
100 1 _aTiwari, G. N.
245 1 0 _aSolar energy technology advances
_h[electronic resource] /
_cG.N. Tiwari.
260 _aNew York :
_bNova Science Publishers, Inc.,
_c2006.
300 _a138 p. :
_bill.
490 1 _aNovinka
504 _aIncludes bibliographical references and index.
533 _aElectronic reproduction.
_bPalo Alto, Calif. :
_cebrary,
_d2013.
_nAvailable via World Wide Web.
_nAccess may be limited to ebrary affiliated libraries.
650 0 _aSolar energy
_xTechnological innovations.
655 7 _aElectronic books.
_2local
710 2 _aebrary, Inc.
830 0 _aNovinka (Series)
856 4 0 _uhttp://site.ebrary.com/lib/rucke/Doc?id=10676613
_zAn electronic book accessible through the World Wide Web; click to view
999 _c58414
_d58414